Datum a čas kvízu
32
Celkem bodů
Celkový počet nahraných bodů na tomto kvízu bez doplňovacích otázek.
6.
Pořadí na kvízu
Konečné umístění týmu na tomto kvízu.
Zaznamenané odpovědi
| # | Otázka | Odpověď | Body | Výsledky |
|---|---|---|---|---|
| 1. | V pátek přejel první vlak přes... | Orlík | 1 | |
| 2. | Po devíti dnech pátrání byla v... | v Paříži | 0 | |
| 3. | Ve kterém roce byl zničen chrá... | Dykuvzdání | 1 | |
| 4. | Na závěr hledáme název českosl... | o Německu | 0 | |
| 5. | V pondělí byl potvrzen vstup n... | B) Cadillac | 1 | |
| 6. | Začneme mladším (a slavnějším)... | Krakatit | 1 | |
| 7. | Josef Čapek byl především malí... | C | 1 | |
| 8. | Přiřaďte k těmto literárním dí... | 1B 2D 3C 4A | 0 | |
| 9. | Napište názvy dvou deníků, v n... | Národní listy, Lidové noviny | 1 | |
| 10. | Napište název románu, jehož zá... | Válka s Mloky | 1 |